Sale-and-leaseback set to up the pace (Record no. 70248)

MARC details
000 -LEADER
fixed length control field 00946cam a2200217 4500
001 - CONTROL NUMBER
control field ABS65530
008 - FIXED-LENGTH DATA ELEMENTS--GENERAL INFORMATION
fixed length control field 020514n2002 000 0 eng u
035 ## - SYSTEM CONTROL NUMBER
System control number (Sirsi) u117957
245 ## - TITLE STATEMENT
Title Sale-and-leaseback set to up the pace
260 ## - PUBLICATION, DISTRIBUTION, ETC.
Date of publication, distribution, etc. 2002
490 ## - SERIES STATEMENT
Series statement EuroProperty
Volume/sequential designation May 2002, 42-43(2)
520 ## - SUMMARY, ETC.
Summary, etc. Considers international investment in the Spanish property market. To date, German funds are the biggest spenders, other international investors have been cautious of entering the Spanish market. The sale-and-leaseback trend reaching Spain has led to major companies selling city centre buildings so that they can consolidate in cheaper, peripheral locations which may boost the market.
590 ## - LOCAL NOTE (RLIN)
Local note ABS
650 ## - SUBJECT ADDED ENTRY--TOPICAL TERM
Topical term or geographic name entry element SALE AND LEASEBACK
650 ## - SUBJECT ADDED ENTRY--TOPICAL TERM
Topical term or geographic name entry element SPAIN
650 ## - SUBJECT ADDED ENTRY--TOPICAL TERM
Topical term or geographic name entry element INTERNATIONAL INVESTMENT
650 ## - SUBJECT ADDED ENTRY--TOPICAL TERM
Topical term or geographic name entry element GERMAN INVESTMENT FUNDS
650 ## - SUBJECT ADDED ENTRY--TOPICAL TERM
Topical term or geographic name entry element PROPERTY-COMMERCIAL PROPERTY
690 ## - LOCAL SUBJECT ADDED ENTRY--TOPICAL TERM (OCLC, RLIN)
Topical term or geographic name as entry element INTERNATIONAL-EUROPE
942 ## - ADDED ENTRY ELEMENTS (KOHA)
Suppress in OPAC 0
Holdings
Withdrawn status Lost status Source of classification or shelving scheme Damaged status Not for loan Home library Current library Shelving location Date acquired Total Checkouts Full call number Barcode Date last seen Copy number Price effective from Koha item type
    Dewey Decimal Classification     London London Journal article 14/05/2002   ABS65530 117957-1001 06/08/2019 1 06/08/2019 Journal article